|
|
|
|
| LEADER |
00675cam a2200217 a 4500 |
| 001 |
0000108141 |
| 005 |
20080923090000.0 |
| 040 |
|
|
|a mod
|
| 041 |
|
|
|a eng
|
| 020 |
0 |
0 |
|a 1840373903
|
| 090 |
0 |
0 |
|a 940.544973092
|b KEL
|
| 100 |
1 |
0 |
|a Kelly
|h Terence
|
| 245 |
1 |
4 |
|a The nine lives of a fighter pilot
|c Terence Kelly
|
| 260 |
0 |
0 |
|a Shrewsbury
|b Airlife
|c 2003
|
| 300 |
|
|
|a vi, 116p.
|b ill.
|c 24cm
|
| 500 |
0 |
0 |
|a Includes index
|
| 650 |
0 |
0 |
|a World War, 1939-1945
|x Aerial operations, British
|
| 650 |
0 |
0 |
|a Fighter pilots
|z Great Britian
|x Biography
|
| 650 |
0 |
0 |
|a World War, 1939-1945
|x Personal narratives, British
|
| 999 |
|
|
|
| 999 |
|
|
|a 0000002485
|b MTAT
|d BOOKS
|e Umum
|f MTAT
|j AVAILABLE
|p 1
|q GOOD CONDITION
|